000 00282nam a22001337a 4500
008 180315b xxu||||| |||| 00| 0 eng d
020 _a9780534217983
041 _aeng
080 _23rd
_a51
100 _a37
101 _aMAT
245 _aCalculus
_cStewart,J
942 _2udc
_cBK
999 _c45094
_d45094